Marketing v drevárstve
Enregistré dans:
| Auteur principal: | |
|---|---|
| Autres auteurs: | |
| Format: | Livre |
| Langue: | slovaque |
| Publié: |
Bratislava
Ligcon
[1993]
|
| Édition: | 1. vyd. |
| Sujets: | |
| Tags: |
Pas de tags, Soyez le premier à ajouter un tag!
|
MARC
| LEADER | 00000nam a2200000 4500 | ||
|---|---|---|---|
| 001 | c003887 | ||
| 005 | 20221128073342.0 | ||
| 020 | |a 80-85656-00-0 | ||
| 041 | 0 | |a slo | |
| 044 | |a SK | ||
| 245 | 1 | 0 | |a Marketing v drevárstve |c Fred Fuhrer ; Prekl. Margita Kocmanová |
| 250 | |a 1. vyd. | ||
| 264 | 1 | |a Bratislava |b Ligcon |c [1993] | |
| 300 | |a 168 s. | ||
| 610 | 2 | 0 | |a marketing |
| 610 | 2 | 0 | |a priemysel drevársky |
| 610 | 2 | 0 | |a analýza trhu |
| 610 | 2 | 0 | |a drevo |
| 610 | 2 | 0 | |a imidž |
| 610 | 2 | 0 | |a podnik |
| 610 | 2 | 0 | |a rentabilita podniku |
| 610 | 2 | 0 | |a reklama |
| 610 | 2 | 0 | |a odbyt |
| 610 | 2 | 0 | |a stratégia podniková |
| 610 | 2 | 0 | |a predaj |
| 610 | 2 | 0 | |a kultúra podniková |
| 100 | 1 | |a Fuhrer, Fred | |
| 700 | 1 | |a Kocmanová, Margita | |